00608 2200229 4500001002100000005001500021035002000036007000300056008004100059020000600100082002000106084002600126245004800152250000600200260004400206300002700250650001200277650001200289110002600301856002800327990002300355INLIS00000000000671720231128014619 a0010-1123000011ta231128 0 ind  a- a334.012.24(594) a334.012.24(594) UNI p1 aProfesi Partisipasi dan Pembangunan Ekonomi a- aJakarta :bUniversitas Indonesia,c1981 a178p. :bilus ;c23 cm 4aEkonomi 4aProfesi0 aUniversitas Indonesia aPerpustakaan BSIP Jatim a404/BSIPJATIM/2023